00394nam a2200157Ia 450000500170000000800410001704000190005804100120007708200160008910000190010524500370012426000280016130000140018965000230020385000100022620221209103003.0131103s9999 xx 000 0 und d aLoreto College aEnglish a821.91bSIT aSitwell, Edith 2aA Poet's notebookcEdith Sitwell aLondonbMacmillanc1944 axi,153p.  aEnglish literature aLCLIB